004710000a2200145000450024501180000065000190011865000230013765000180016065300190017804100130019770000190021070000250022910000210025477300500027510aPhylogenetic relationships and classification of the higher categories of the New World bat family Phyllostomidae14aFilogenética14aTaxonomía animal14aSistemática fPhyllostomidae0 aInglés1 aHood, Graig S.1 aHoneycutt, Rodney L.1 aBaker, Robert J.1 tSystematic Zoology3466h3q228-238d1989g38